zpět

Detail výsledku týmu

Bristol, Olomouc

Datum a čas kvízu

37 Celkem bodů Celkový počet nahraných bodů na tomto kvízu bez doplňovacích otázek.
1. Pořadí na kvízu Konečné umístění týmu na tomto kvízu.

Zaznamenané odpovědi

# Otázka Odpověď Body Výsledky
1. Ve Všetatech na Mělnicku byl v... Jan Palach 1
2. Nobelovu cenu míru získal muž... Etiopie, premiér 1
3. Hudební svět přišel o další le... Cream 1
4. Univerzita Karlova uzavřela pa... Home Credit 1
5. Jedna z německých fotbalových... Bastian Schweinsteiger 1
6. Téma o Brazílii zvítězilo ve f... pátou a pátou 1
7. Pokud bychom chtěli v říjnu 20... v Curychu 0
8. Věříme, že většina z Vás bude... Paulo Coelho, Jorge Amado 0
9. Především venkovská brazilská... maniok 1
10. Co se týče slavných osobností,... Adriana Lima 1